000 00550nam a2200229Ia 4500
003 OSt
005 20220924150603.0
006 a|||||r|||| 00| 0
007 ta
008 220923b |||||||| |||| 00| 0 tel d
024 _a333776
037 _cTextual
040 _aARTS
_cARTS
_btel
041 _2tel
_atel
082 _aO35,2M951,1, J0
100 _aJashuva
245 0 _aVeerabai
260 _c1950
650 _aTELUGU DRAMA
_9173432
942 _hO35,2M951,1, J0
_cTEXL
_2CC
999 _c463855
_d463855